00325pab a2200133 454500008004000000100002400040245002000064260000900084300000800093362001100101650004300112650002200155773001400177180718b1997 xxu||||| |||| 00| 0 eng d aChatterjee, Shekhar aHawker eviction c1997 ap.8 a31 Jan aCities and towns - India - West Bengal aUrban development aStatesman